| 000 -LEADER |
| fixed length control field |
00734nam a22001937a 4500 |
| 020 ## - INTERNATIONAL STANDARD BOOK NUMBER |
| ISBN |
9781041026204 |
| 082 ## - DEWEY DECIMAL CLASSIFICATION NUMBER |
| Classification number |
610.285 |
| Item number |
T73 2026 |
| 245 ## - TITLE STATEMENT |
| Title |
Transforming global healthcare : the role of ai and iot in modern medical systems / editors, Anindya Nag, Md. Mehedi Hassan, Riya Sil, Asif Karim. |
| 250 ## - EDITION STATEMENT |
| Edition statement |
1st edition. |
| 260 ## - PUBLICATION, DISTRIBUTION, ETC. (IMPRINT) |
| Name of publisher |
CRC Press/Taylor & Francis Group : |
| Place of publication |
Boca Faton, FL, |
| Year of publication |
©2026. |
| 300 ## - PHYSICAL DESCRIPTION |
| Number of Pages |
1 online resource, 358 pages : |
| Other physical details |
illustrations (some color). |
| 500 ## - GENERAL NOTE |
| General note |
Includes bibliographical reference and index. |
| 650 ## - SUBJECT ADDED ENTRY--TOPICAL TERM |
| Topical Term |
Healthcare -- Medical |
| 700 ## - ADDED ENTRY--PERSONAL NAME |
| Personal name |
Nag, Anindya, editor. |
| 700 ## - ADDED ENTRY--PERSONAL NAME |
| Personal name |
Hassan, Mehedi, editor |
| 700 ## - ADDED ENTRY--PERSONAL NAME |
| Personal name |
Sil, Riya, editor |
| 700 ## - ADDED ENTRY--PERSONAL NAME |
| Personal name |
Karim, Asif, editor |
| 942 ## - ADDED ENTRY ELEMENTS (KOHA) |
| Koha item type |
Electronic Books |